Encyclopedia of Operations Research and Management Science /

Gorde:
Xehetasun bibliografikoak
Egile nagusia: Gass, Saul I. (ed.)
Beste egile batzuk: Harris, Carl M. (edición) (edición)
Formatua: Liburua
Hizkuntza:ingelesa
Argitaratua: Boston, EUA : Kluwer, 2001, c2001
Edizioa:2a edición
Gaiak:
Etiketak: Etiketa erantsi
Etiketarik gabe, Izan zaitez lehena erregistro honi etiketa jartzen!

MARC

LEADER 00000nam^a2200000^a^4500
001 000146453
005 20250521000000.0
009 20260310095911.698
020 |a 0-7923-7827-X 
037 |a Acervo ITESO - Biblioteca 
041 |a ING 
082 |a 658. 4034  |b GAS 
100 |a Gass, Saul I.  |e (ed.) 
245 1 0 |a Encyclopedia of Operations Research and Management Science /  |c Ed. de S.I. Gass, C.M. Harris. 
250 |a 2a edición 
264 4 |a Boston, EUA :  |b Kluwer,  |c 2001, c2001 
300 |a XLII, 917 p. 
336 |a texto  |b txt  |2 rdacontenido 
337 |a sin mediación  |b n  |2 rdamedio 
338 |a volumen  |b nc  |2 rdasoporte 
649 |a XX 
650 |a Investigación de Operaciones -  |x Enciclopedias y Diccionarios 
650 |a Toma de Decisiones 
650 |a Proceso Administrativo -  |x Dirección 
650 |a Administración 
650 |a Ciencias Administrativas -  |x Enciclopedias y Diccionarios 
650 |a Enciclopedias y Diccionarios 
700 |a Harris, Carl M.  |e (edición) 
910 |a Fondo General 
920 |a Impresos - Libros 
930 |a Colección General 
905 |a 101 
901 |a 0500075652  |b IT1  |c ACC  |u 20250521 
902 |a https://opac.biblio.iteso.mx/vufind/Record/000146453